Produccion de Radio. Hablan los especialistas.

Saved in:
Bibliografiske detaljer
Hovedforfatter: Portugal, Mario (autor)
Andre forfattere: Yudchak, Héctor (autor)
Format: Ukendt
Sprog:spansk
Udgivet: Buenos Aires, Argentina: Ediciones Continente, 2011.
Udgivelse:1a. edición.
Fag:
Tags: Tilføj Tag
Ingen Tags, Vær først til at tagge denne postø!

MARC

LEADER 00000 a2200000 4500
003 CL-VaPUC
005 20250117102059.0
008 250107t2011 ||||| |||| 00| 0 spa d
999 |c 445821  |d 445819 
020 |a 978-950-754-319-7 
040 |c Pontificia Universidad Católica de Valparaíso 
082 |2 22  |a 070.194 POR 2011 
100 |a Portugal, Mario  |e autor  |9 894009 
245 |a Produccion de Radio.  |b Hablan los especialistas. 
250 |a 1a. edición. 
260 |a Buenos Aires, Argentina:  |b Ediciones Continente,  |c 2011. 
300 |a 125 páginas. 
583 |k Yessy Díaz Vidal   |c 20250107 
650 0 |9 260680  |a Radio  |x Producción  |v Investigación periodística 
650 0 |9 260680  |a Radio  |x Profesionales  |x Guionista, locutor, productor, etc. 
700 |9 895086  |a Yudchak, Héctor  |e autor 
942 |2 ddc  |c BK 
952 |0 0  |1 0  |2 ddc  |4 0  |6 070_194000000000000_POR_2011  |7 0  |8 A  |9 598835  |a BIBCUR  |b BIBCUR  |d 2025-01-03  |e 3  |g 10476.00  |i 5663784  |o 070.194 POR 2011  |p 5663784  |r 2025-04-22  |t 1  |v 10476.00  |w 2025-01-03  |y BK  |k PER